000 00408nam a2200157 i 4500
001 bg
100 1 _aBLOK, Zbigniew
245 0 _aPodstawy racjonalnego gospodarowania /
_cZbigniew Blok, Bronisław Stęplowski.
260 _aWarszawa,
_c1981.
700 1 _aSTĘPLOWSKI, Bronisław
040 _cBPK
041 _apol
080 _a330.342.15
942 _cKS
008 s pl f |000 0 pol
999 _c20488
_d20488
856 _uhttp://koha.tu.koszalin.pl/cgi-bin/koha/opac-detail.pl?biblionumber=20488
_yKatalog online BPK